000 00658nam a22002177a 4500
003 UA-OsUOA
001 105111
007 ta
008 20140211b un ||||| |||| 00| 0 ukr d
100 _aЗатонацька Т.Г.
090 _a330(477)
_bЗ-37
942 _cSA
040 _aUA-OsUOA
_bukr
_cUA-OsUOA
_dUA-OsUOA
245 _aШляхи формування сучасної транспортної інфраструктурив Україні
300 _aС.54-62
955 _a0
041 _aukr
080 _a330(477)
773 0 _w105106
_tФінанси України
_dК.
_d2013
_g8
650 7 _a330 Економіка взагалі
_2UDC
999 _c391241
_d391241